LEADER 01175aam a2200289 u 4500 001 000000015234 003 CaOOAMICUS 005 20070226105845.0 008 940513s1984 fr f u000 u fre u 020 $a2-7010-1091-8 035 $a10356709 040 $aIAR$bita 245 03$aLe Moyen Age et la Bible /$csous la direction de Pierre Riché, Guy Lobrichon. 260 $aParis :$bBeauchesne,$c1984. 300 $a639 p. :$btav. ;$c24 cm 490 1 $aBible de tous les temps ;$v4. 630 04$aBiblia$xCritica e interpretazione.$0(OLS)http://pul/subject/2023 700 1 $aLobrichon, Guy,$d1945-$0(OLS)http://pul/name/14027 700 1 $aRiché, Pierre,$d1921-$0(OLS)http://pul/name/9114 830 0$aBible de tous les temps ;$v4.$0(OLS)http://pul/title/4496 850 $aPUL 852 $aPUL$W1$xSL Religione 1$y3$m5 C 86$j21343$nBK-PRI$b $qStampati$B21343$CPULBib$Z2$F21343 $H $81 941 1 $a8 961 $aINV: 56346 996 $6020$a2-7010-1091-8$9(OLS)http://pul/number/19420 996 $6245$aLe Moyen Age et la Bible$9(OLS)http://pul/title/21849 996 $6260$aParis :$bBeauchesne$9(OLS)http://pul/publisher/48115 LEADER 01251nam a2200301 a 4500 001 000000130226 003 CaOOAMICUS 005 20120920093805.0 008 120920s2012 it u000 u ita r 020 $a978-88-13-31567-2 040 $aPUL$bita 082 04$a343.45 100 1 $aSica, Salvatore.$0(OLS)http://pul/name/66373 245 10$aManuale di diritto dell'informazione e della comunicazione /$cSalvatore Sica, Vincenzo Zeno-Zencovich. 250 $a3. ed. 260 $aPadova :$bCEDAM,$c2012. 300 $aXVI, 553 p. ;$c24 cm. 500 $aInclude indice. 650 4$aInformazione$xDiritto e legislazione$zItalia.$0(OLS)http://pul/subject/17008 700 1 $aZeno-Zencovich, Vincenzo.$0(OLS)http://pul/name/83437 850 $aPUL 852 $aPUL$W1$xDP2 Diritto e Scienze Sociali 3$y110$m343. 45 SICSA 1$j150768$qDDC 21 $B149329$CPULBib$Z2$F149329 $H120684 $82 941 1 $a9 996 $6020$a978-88-13-31567-2$9(OLS)http://pul/number/150511 996 $6082$a343.45$9(OLS)http://pul/classification/467 996 $6245$aManuale di diritto dell'informazione e della comunicazione$9(OLS)http://pul/title/164601 996 $6260$aPadova :$bCEDAM$9(OLS)http://pul/publisher/48126